000 00374 a2200133 4500
005 20250520110658.0
020 _a0-8213-5166-4
082 _aLECT 362.604 NAR
245 _aEmpowerment and Poverty Reduction: A Sourcebook
260 _aWashington DC,
_bThe World Bank,
_c2002.
300 _axxiv, 371p.: ill.; figure, table.
_c23cm.
700 _aNARAYAN, D.
942 _2ddc
_cBKS
999 _c2481
_d2481